[Event "FIDE WCC 2018"]
[Site "Khanty-Mansiysk"]
[Date "2018.11.07"]
[Round "2.2"]
[White "Ushenina, Anna"]
[Black "Gunina, Valentina"]
[Result "0-1"]
[WhiteElo "2440"]
[BlackElo "2497"]
[Annotator "TA"]
[PlyCount "78"]
[EventDate "2018.11.03"]
[EventType "k.o."]
[EventCountry "RUS"]
[SourceTitle "playchess.com"]
[Source "ChessBase"]
[SourceQuality "1"]

{[%evp 19,78,16,36,25,46,41,56,59,60,35,49,45,54,0,44,0,0,0,0,0,0,0,0,0,0,0,0,-10,-10,-24,-39,-64,-54,-66,-38,-69,-12,-86,-85,-152,-136,-239,-146,-226,-214,-225,-180,-335,-333,-333,-323,-346,-331,-614,-589,-843,-731,-1065,-1063,-1063,-1057]} 1. d4 Nf6 2. c4 e6 3. Nc3 Bb4 4. f3 O-O 5. a3 Bxc3+ 6. bxc3 Nc6 7. e4 d6 8. Bd3 e5 9. Ne2 b6 10. O-O Qe7 11. Be3 $146 {E27: Nimzo-Indian: Sämisch: 5...0-0 6 f3} ({Predecessor:} 11. Bg5 h6 12. Bh4 g5 13. Bf2 Nh5 14. g3 f5 15. exf5 Bb7 16. g4 Nf6 17. Ng3 Rae8 18. Ne4 Na5 {1-0 (55) Cano Sanchez,J (2307)-Gomez Gomez,S (2196) Villa de Albox 2001}) 11... Nh5 12. g4 {[%cal Bg2g4,Bg4g5][%mdl 32]} Nf6 13. Ng3 {White is slightly better.} Na5 14. g5 Ne8 15. f4 f6 16. Ra2 (16. Qh5 $14) 16... Be6 (16... fxg5 {looks sharper.} 17. fxe5 Rxf1+ 18. Bxf1 dxe5 19. c5 h6) 17. gxf6 Nxf6 18. fxe5 ({But not} 18. dxe5 dxe5 19. fxe5 Nd7 $17) 18... dxe5 19. Nf5 Bxf5 $1 20. Rxf5 Nd7 21. Rg2 {[#] Black must now prevent Bh6.} Rxf5 22. exf5 Rf8 $1 23. Bh6 Rf7 24. c5 exd4 25. cxb6 axb6 26. Bb1 {[#] Strongly threatening Ba2.} Nc4 27. cxd4 b5 (27... Ne3 $15 28. Bxe3 Qxe3+ 29. Kh1 Re7 30. Ba2+ Kh8) 28. Bg5 (28. a4 $11 {keeps the balance.}) 28... Qxa3 $17 29. Ra2 (29. Qd3 $142) 29... Qd6 30. Be4 (30. Bh4 $17) 30... Rf8 31. Kh1 (31. Re2 $17 Nf6 32. Bc2) 31... Nf6 32. Bg2 Re8 33. Re2 $2 (33. Ra1) 33... Rxe2 $19 34. Qxe2 Qxd4 35. Qe6+ Kf8 36. Qc8+ $2 (36. Bc6 Nd6 37. Bf3) 36... Ne8 {( -> ...Qd1+). Black is clearly winning.} 37. Bc6 {[%csl Gc6][%cal Rc8e8]} Ncd6 38. Qd7 Qd1+ 39. Kg2 Qg4+ {Precision: White = 32%, Black = 59%.} 0-1

[Event "FIDE WCC 2018"]
[Site "Khanty-Mansiysk"]
[Date "2018.11.07"]
[Round "2.2"]
[White "Ni, Shiqun"]
[Black "Kosteniuk, Alexandra"]
[Result "1/2-1/2"]
[WhiteElo "2436"]
[BlackElo "2543"]
[Annotator "TA"]
[PlyCount "107"]
[EventDate "2018.11.03"]
[EventType "k.o."]
[EventCountry "RUS"]
[SourceTitle "playchess.com"]
[Source "ChessBase"]
[SourceQuality "1"]

{[%evp 29,107,31,27,0,26,0,43,31,38,33,26,25,32,31,34,0,14,0,24,0,0,0,0,0,0,0,0,0,0,0,0,0,0,0,0,0,0,0,0,0,0,0,0,0,0,0,0,0,35,42,69,70,69,73,69,53,64,93,91,92,107,97,231,69,108,79,337,65,248,8,8,8,8,8,8,0,8,0,8,0]} 1. e4 e5 2. Nf3 Nc6 3. Bb5 a6 4. Ba4 Nf6 5. O-O Be7 6. Re1 b5 7. Bb3 d6 8. c3 O-O 9. h3 h6 10. d4 Re8 11. Nbd2 Bf8 12. Bc2 {[%cal Bb3c2,Bc2d3,Bd3c4][%mdl 32]} Bb7 13. a3 {[%cal Ba2a3,Ba3a4][%mdl 32]} Nb8 {C93: Closed Ruy Lopez: Smyslov Variation} 14. b3 c6 15. Bb2 Nbd7 {LiveBook: 9 Games. White is slightly better.} 16. a4 (16. Bd3 g6 17. Qc2 Nh5 18. Bf1 Nf4 19. b4 Rc8 20. c4 exd4 21. Bxd4 bxc4 22. Nxc4 c5 {1-0 (64) Jakovenko,D (2748)-Oparin,G (2609) Satka 2018}) 16... Qc7 17. Bd3 g6 18. Qc2 Bg7 19. c4 bxc4 20. Bxc4 exd4 $1 21. Bxd4 Re7 $146 ({Predecessor:} 21... c5 22. Rac1 Rad8 23. Qb2 Re7 24. b4 {1-0 (61) Cimicki,D (2428)-Cottegnie,F (2415) ICCF email 2012}) 22. Re2 Rae8 23. Rae1 Kh7 24. Qb2 c5 25. Bc3 Nh5 26. Bxg7 Nxg7 27. Qc2 Nh5 28. Re3 Nhf6 29. Qd3 Nb8 30. Bd5 {White wants to play Bxb7.} Nc6 31. Bxc6 Bxc6 32. Qxa6 (32. Nh2 {seems wilder.} d5 33. exd5 Rxe3 34. Rxe3 Rd8 35. Re1) 32... Nxe4 33. Nxe4 Rxe4 34. Rxe4 Rxe4 35. Rxe4 Bxe4 36. Nd2 Bb7 37. Qb5 Bc6 38. Qc4 Qe7 39. b4 d5 ({Reject} 39... Bxa4 $6 40. bxc5 Be8 41. Qe4 $16) 40. Qxc5 Qxc5 41. bxc5 {Black must now prevent a5.} Bxa4 $14 {[%mdl 4096] Endgame KB-KN} 42. f4 g5 43. Kf2 Kg6 {[#]} 44. Ke3 $1 Kf6 45. Nf3 Bd7 (45... Bc6 $16) 46. Nd4 $2 ({White should play} 46. Kd4 $18) 46... Ke7 $1 47. g4 Bc8 $2 {[%mdl 8192]} (47... gxf4+ $16 48. Kf3 (48. Kxf4 f6 $16) 48... Ke8) 48. Nc6+ $2 ({Only move:} 48. f5 $18) 48... Ke8 $2 {[#]} (48... Kd7 $1 $14 49. Nb4 Bb7) 49. Nb4 $2 (49. f5 $1 $18) 49... f5 $1 $11 {The position is equal.} 50. Nxd5 {And now c6 would win.} Kd8 51. Nf6 Kc7 52. Nd5+ Kd8 53. Nf6 Kc7 54. Nd5+ {Precision: White = 49%, Black = 59%.} 1/2-1/2

[Event "FIDE WCC 2018"]
[Site "Khanty-Mansiysk"]
[Date "2018.11.07"]
[Round "2.2"]
[White "Krush, Irina"]
[Black "Ju, Wenjun"]
[Result "1/2-1/2"]
[WhiteElo "2434"]
[BlackElo "2568"]
[Annotator "TA"]
[PlyCount "114"]
[EventDate "2018.11.03"]
[EventType "k.o."]
[EventCountry "RUS"]
[SourceTitle "playchess.com"]
[Source "ChessBase"]
[SourceQuality "1"]

{[%evp 15,114,16,10,8,6,10,22,38,26,36,48,42,37,32,45,52,51,54,56,71,66,62,65,40,110,59,118,120,125,64,77,72,97,81,93,60,71,65,58,64,71,57,62,63,62,75,65,64,68,27,27,22,20,0,0,0,57,57,57,57,57,57,58,40,47,31,31,25,31,14,47,31,39,8,2,0,0,0,0,0,0,0,0,0,0,0,0,0,0,0,0,0,0,0,0,0,0,0,0,0,0]} 1. Nf3 d5 2. g3 c6 3. Bg2 Bg4 4. O-O Nd7 5. d3 Ngf6 6. Nbd2 e5 7. h3 Bxf3 8. Nxf3 {A07: Réti Opening: New York and Capablanca Systems} Bc5 {LiveBook: 24 Games} 9. a3 $146 ({Predecessor:} 9. e3 O-O 10. b3 Re8 11. Bb2 a5 12. a3 Qc7 13. Qe2 Bd6 14. Nd2 Nc5 15. Rae1 Qe7 {1-0 (40) Shankland,S (2662)-Hambleton,A (2474) Sitges 2017}) 9... a5 10. Rb1 a4 11. Nxe5 Nxe5 12. d4 Bd6 {aiming for ...Ned7.} 13. dxe5 Bxe5 14. c4 dxc4 15. Qc2 $1 O-O 16. Qxc4 Re8 17. b3 axb3 18. Rxb3 Qe7 19. Be3 Rac8 {[#]} (19... Rxa3 $14 20. Bc5 Qxc5 21. Qxc5 Rxb3) 20. Rc1 (20. a4 $1 $16) 20... Bd6 {[#]} (20... b5 $14 21. Rxb5 cxb5 22. Qxc8 Bxg3) 21. a4 $1 $16 Rc7 22. Bb6 (22. Rcb1 $16) 22... Rd7 $14 23. Re3 Qf8 24. Rd3 Qe7 25. Rcd1 Bb8 26. e3 Rxd3 27. Qxd3 {Strongly threatening Bd8.} Bc7 28. Qb3 Bxb6 29. Qxb6 Rc8 30. a5 h6 31. Rb1 Rc7 32. Qa7 g6 33. Qb8+ Kg7 34. Ra1 Qe5 35. Ra4 Re7 ({Black should play} 35... Nd7 $11 36. Qa8 Nc5) 36. Qxe5 $1 Rxe5 {[%mdl 4096] Endgame KRB-KRN} 37. a6 bxa6 38. Rxa6 c5 39. Rc6 g5 40. Kf1 h5 41. Ke1 g4 42. h4 Rf5 43. Rc7 Re5 44. Bb7 Ne8 {The position is equal.} 45. Rc6 Re7 46. Rb6 (46. Bc8 {seems wilder.} Rc7 47. Rxc7 Nxc7 48. f3 gxf3 49. Bb7) 46... Re6 47. Rb1 Nd6 48. Bd5 Re5 49. Bg2 Kf6 50. Ke2 c4 51. Ra1 Rb5 52. Ra6 Ke6 53. Rc6 Rb2+ 54. Ke1 Rb1+ 55. Ke2 Rb2+ 56. Ke1 Rb1+ 57. Ke2 Rb2+ {Precision: White = 60%, Black = 74%.} 1/2-1/2

[Event "FIDE WCC 2018"]
[Site "Khanty-Mansiysk"]
[Date "2018.11.07"]
[Round "2.2"]
[White "Alinasab, Mobina"]
[Black "Socko, Monika"]
[Result "1-0"]
[WhiteElo "2236"]
[BlackElo "2463"]
[Annotator "TA"]
[PlyCount "73"]
[EventDate "2018.11.03"]
[EventType "k.o."]
[EventCountry "RUS"]
[SourceTitle "playchess.com"]
[Source "ChessBase"]
[SourceQuality "1"]

{[%evp 15,73,-29,-30,-37,-33,-41,-45,-58,-63,-102,-60,-60,-5,-17,0,-60,-29,-44,-46,-106,-107,-104,-93,-111,-96,-116,-80,-78,-87,-77,-62,-57,28,41,39,28,111,106,112,120,327,320,310,309,468,483,568,565,583,591,670,660,719,710,1425,1408,1316,1276,5631,2137]} 1. e4 g6 2. d4 d6 3. Nc3 Bg7 4. f4 Nf6 5. Nf3 O-O 6. e5 dxe5 7. fxe5 Nd5 8. Nxd5 {B09: Pirc Defence: Austrian Attack} (8. Bc4 Nxc3 9. bxc3 c5 10. O-O Bg4 11. Qd3 Nc6 12. Ng5 e6 13. Qg3 Bf5 14. Rxf5 exf5 15. e6 Bxd4+ 16. Kf1 Be5 17. Bf4 Qd6 {½-½ (26) Heimann,A (2590)-Onischuk,V (2627) Dresden 2018}) 8... Qxd5 {LiveBook: 6 Games} 9. Be2 c5 10. c4 {Black is slightly better.} Qe4 11. dxc5 Nc6 $146 ({Predecessor:} 11... Nd7 12. Qd3 Qxd3 13. Bxd3 Nxc5 14. Bc2 Bg4 {0-1 (36) Kan,Y (1257)-Ng,C (1817) Hong Kong 2018}) 12. Qd5 Qg4 {[%mdl 1024] [#] White must now prevent ...Rd8. Black has strong compensation.} 13. Ng5 $1 Qd4 (13... Qh4+ $15 14. g3 Qd4) 14. Nf3 $11 Qg4 {And now ...Rd8 would win.} 15. Ng5 $1 Qf5 16. Rf1 e6 17. Qe4 ({White should try} 17. Rxf5 $15 exd5 18. Rf2) 17... Qxe5 $17 18. Qxe5 Bxe5 19. Ne4 f5 20. Nd6 Bxh2 21. Bg5 Bg3+ 22. Kd2 Be5 (22... b6 {seems wilder.} 23. Bf3 Bd7 24. Be3 Rab8 25. b3 e5) 23. Rab1 Bf6 ({Black should play} 23... a5 $15) 24. Bxf6 $11 Rxf6 25. Bf3 Bd7 (25... Ne5 $11 {keeps the balance.}) 26. b4 {[%cal Bb2b4,Bb4b5][%mdl 32]} Rb8 27. b5 Na5 $2 {[#]} (27... Nd8 $16) 28. Kc3 $18 e5 29. Rbd1 Be6 (29... Kf8 $142 30. Kb4 b6) 30. Kb4 {White is clearly winning.} b6 31. c6 {[%cal Bc5c6,Bc6d7][%mdl 32]} Kg7 32. Bd5 Bd7 33. c5 (33. cxd7 Rxd6 34. Bf3 Rd4 $18) 33... bxc5+ 34. Kxc5 ({Not} 34. Kxa5 Rxd6 35. cxd7 Rxd7 $16) 34... Rb6 35. cxd7 Rfxd6 36. Ba8 Rxd1 37. Rxd1 {Precision: White = 60%, Black = 21%.} 1-0

[Event "FIDE WCC 2018"]
[Site "Khanty-Mansiysk"]
[Date "2018.11.08"]
[Round "2.3"]
[White "Muzychuk, Mariya"]
[Black "Atalik, Ekaterina"]
[Result "1/2-1/2"]
[WhiteElo "2545"]
[BlackElo "2445"]
[Annotator "TA"]
[PlyCount "91"]
[EventDate "2018.11.03"]
[EventType "k.o."]
[EventCountry "RUS"]
[SourceTitle "playchess.com"]
[Source "ChessBase"]
[SourceQuality "1"]

{[%evp 11,91,5,10,-29,14,6,6,14,11,8,15,7,23,25,48,43,53,-9,-9,0,0,0,16,0,0,-23,0,0,-1,-16,-12,-24,-16,-62,-36,-41,-31,-52,-39,-46,-23,-33,-23,-60,-58,-33,-9,-7,-1,-15,0,0,0,-50,-38,-42,-42,-53,-32,-32,-34,-26,-36,-116,-58,-54,-70,-63,0,0,0,0,0,0,0,0,0,0,0,0,0,0]} 1. e4 c6 2. d4 d5 3. e5 Bf5 4. h4 h5 5. Bd3 Bxd3 6. Qxd3 {B12: Caro-Kann: Advance Variation} Qa5+ {LiveBook: 80 Games} 7. b4 (7. Nd2 e6 8. Ne2 Ne7 9. O-O Nf5 10. Nf3 Qa6 11. Qd1 c5 12. c3 Nc6 {0-1 (47) Antipov,M (2593)-Artemiev,V (2706) Sochi 2018}) 7... Qa6 8. Qb3 e6 9. Nf3 $146 ({Predecessor:} 9. Ne2 Nd7 10. Nd2 Ne7 11. Ng3 Qb6 12. Nf3 Nf5 13. Nxf5 Qxb4+ 14. Qxb4 Bxb4+ {1-0 (54) Kobo,O (2494)-Tica,S (2333) Paracin 2017}) 9... Ne7 10. Nc3 Nf5 11. Ne2 Nd7 12. a4 Qc4 13. Qxc4 dxc4 14. b5 (14. Bd2 $14) 14... c5 $11 15. dxc5 Bxc5 16. O-O f6 17. exf6 gxf6 18. Ba3 Bxa3 19. Rxa3 Kf7 20. Rd1 Rhd8 21. Raa1 Nc5 22. Nd2 Nxh4 23. Nxc4 Nf5 24. a5 Rac8 25. f3 h4 26. Kf2 e5 27. Ne3 Nxe3 28. Kxe3 Ne6 29. Rxd8 Rxd8 {[%mdl 4096] Endgame KRN-KRN} 30. Ra4 Rd5 31. b6 a6 32. c4 Rd1 33. c5 $1 {[%cal Rc5c6]} Nxc5 34. Rxh4 Rd3+ 35. Kf2 Ra3 36. Rh7+ Ke6 37. Ng3 {[#]} ({White should try} 37. Rc7 $15 Rxa5 38. g4) 37... Rxa5 (37... Kd5 $1 $17 38. Nh5 f5 39. Nf6+ Kd4) 38. Ne4 $1 $15 Nd7 {Threatens to win with ...Ra2+.} 39. g4 Rb5 ({Black should play} 39... Rd5 $1 $15 40. Rh8 Kf7) 40. g5 $1 $11 {[%cal Rg5g6] The position is equal.} fxg5 (40... Rxb6 41. g6 $14) 41. Nxg5+ Kd6 42. Ne4+ Ke6 43. Rh6+ Ke7 44. Rh7+ Ke6 45. Rh6+ Ke7 46. Rh7+ {Precision: White = 59%, Black = 58%.} 1/2-1/2

[Event "FIDE WCC 2018"]
[Site "Khanty-Mansiysk"]
[Date "2018.11.08"]
[Round "2.3"]
[White "Kosteniuk, Alexandra"]
[Black "Ni, Shiqun"]
[Result "1-0"]
[WhiteElo "2543"]
[BlackElo "2436"]
[Annotator "TA"]
[PlyCount "139"]
[EventDate "2018.11.03"]
[EventType "k.o."]
[EventCountry "RUS"]
[SourceTitle "playchess.com"]
[Source "ChessBase"]
[SourceQuality "1"]

{[%evp 21,139,23,33,25,25,26,25,22,21,33,35,41,39,33,59,56,57,44,41,30,32,15,80,79,76,70,54,26,72,83,127,130,130,128,126,127,124,126,122,122,122,122,127,119,127,95,188,187,202,196,190,189,193,186,262,246,254,246,256,254,247,243,270,280,265,268,241,257,243,168,163,154,270,168,203,0,203,197,220,125,144,145,182,174,145,141,261,151,152,104,426,406,1216,1154,1089,995,918,880,856,848,824,779,1850,1723,1970,1108,1376,1325,1291,1257,1060,927,1883,1812,29980,29981,29981,29982,29980,29981]} 1. e4 e5 2. Nf3 Nf6 3. Nxe5 d6 4. Nf3 Nxe4 5. Nc3 Nxc3 6. dxc3 Be7 7. Be3 Nc6 8. Qd2 Be6 9. O-O-O Qd7 10. h3 a6 11. Kb1 O-O-O {LiveBook: 11 Partien} 12. Nd4 {C42: Russische Verteidigung (Petrow)} (12. Be2 Bf6 13. Nd4 Bxd4 14. cxd4 d5 15. g4 f6 16. Rdg1 Na7 17. Rg3 Kb8 18. h4 h6 19. Bf4 g5 20. Be3 Nc8 21. f4 Nd6 22. Qb4 gxh4 23. Rxh4 f5 24. g5 {½-½ (24) Vallejo Pons,F (2705)-Li,C (2741) Palma de Mallorca 2017}) 12... Nxd4 13. Bxd4 Rhg8 14. Be2 {Weiß hat minimalen Vorteil.} c5 15. Be3 d5 16. Rhe1 $146 ({Vorgänger:} 16. Bf4 h6 17. Bf3 Rge8 18. Rhe1 Qb5 19. Be2 Qc6 {½-½ (32) Dos Santos,M (2427)-Barreras Garcia,A (2418) ICCF email 2011}) 16... g6 17. Bf3 Qb5 18. Bg5 Rge8 19. Bxe7 Rxe7 20. Qg5 Red7 $1 21. Re5 b6 (21... Kb8 $11 {hält das Gleichgewicht.}) 22. b3 $16 Rd6 23. Be2 Qa5 24. Kb2 b5 25. Bg4 f6 26. Bxe6+ Rxe6 27. Qg4 $36 {[%mdl 2048] Schwarz steht unter starkem Druck.} f5 28. Qe2 Rxe5 29. Qxe5 {[%mdl 4096] Endspiel KDT-KDT} Qc7 {[#]} 30. Qe6+ $1 Kb7 31. Rxd5 Rxd5 32. Qxd5+ {KD-KD} Kb6 33. Qe6+ Ka7 (33... Qc6 $16 34. Qxc6+ Kxc6) 34. g3 $18 Kb7 35. h4 Qc6 36. Qf7+ Qc7 37. Qd5+ Qc6 (37... Kb6 $142 38. h5 a5 39. Qe6+ Qc6) 38. c4 bxc4 39. Qxc4 Kb6 40. a3 Qf6+ 41. Qc3 Qe6 42. Qe3 Qf6+ 43. c3 Kc6 44. Qe8+ Kc7 45. f4 Qd6 46. Qe2 Kb6 (46... a5 $16 47. Qe3 Qd5) 47. Kc2 Qd5 {[#]} 48. Kb2 $2 (48. a4 $1 $18) 48... Qc6 $2 (48... Qd6 $1 $11) 49. a4 {[%cal Ba3a4,Ba4a5][%mdl 32]} Qd5 50. Kc2 (50. Qe3 $18) 50... Qc6 51. Qf2 Qd5 52. Kb2 Kc6 53. a5 Qe4 (53... Qd3 $16 {war nötig.} 54. Qe1 Kd7) 54. Qf1 ({Besser ist} 54. Qd2 $18) 54... Kb7 $16 55. Ka3 Qc2 $2 {[%mdl 8192]} (55... Qe3 $16 {ist eine bessere Chance.}) 56. Qf3+ $18 Kc7 (56... Qe4 $142 57. Qxe4+ fxe4) 57. Qe3 Kd6 58. Qe5+ Kc6 59. Qe6+ Kc7 60. Qb6+ Kd7 61. Qxc5 Qc1+ 62. Kb4 Qf1 63. Qa7+ Kc6 64. Qb6+ Kd7 65. Qd4+ Ke7 66. Qe3+ Kd6 67. c4 Qg2 68. Qe5+ {Weiß setzt Matt.} Kc6 69. Qc5+ Kd7 70. Qd5+ {Precision: Weiß = 76%, Schwarz = 35%.} 1-0

[Event "FIDE WCC 2018"]
[Site "Khanty-Mansiysk"]
[Date "2018.11.08"]
[Round "2.3"]
[White "Zhao, Xue"]
[Black "Abdumalik, Zhansaya"]
[Result "0-1"]
[WhiteElo "2478"]
[BlackElo "2473"]
[Annotator "TA"]
[PlyCount "108"]
[EventDate "2018.11.03"]
[EventType "k.o."]
[EventCountry "RUS"]
[SourceTitle "playchess.com"]
[Source "ChessBase"]
[SourceQuality "1"]

{[%evp 25,108,0,0,-50,0,-23,0,0,0,0,0,0,14,0,10,6,42,33,38,0,0,0,0,0,0,0,0,6,13,12,0,14,20,22,47,47,37,0,37,-63,-60,-516,-499,-527,-534,-525,-506,-537,-537,-516,-514,-537,-535,-533,-533,-533,-513,-533,-500,-534,-523,-826,-807,-1072,-1047,-1001,-916,-1133,-1033,-1723,-1339,-4706,-1356,-1361,-1325,-1188,-1150,-1751,-1681,-1186,-1132,-2189,-1937,-1267,-1287]} 1. d4 Nf6 2. c4 g6 3. g3 Bg7 4. Bg2 c5 5. d5 O-O 6. Nc3 e6 7. Nf3 exd5 8. cxd5 d6 9. O-O Re8 10. Re1 a6 11. a4 Nbd7 12. Bf4 {A63: Modern Benoni: Fianchetto Variation: 9...Nbd7} (12. h3 Rb8 13. Bf4 Qc7 14. a5 b5 15. axb6 Nxb6 16. Rc1 Ne4 17. Nxe4 Rxe4 18. b3 a5 19. Nd2 Rd4 20. e4 Ba6 21. Be3 Rb4 {0-1 (38) Xiong,J (2652)-Vachier Lagrave,M (2795) chess.com INT 2017}) 12... Ng4 13. h3 Nge5 {LiveBook: 3 Games} 14. Nd2 {The position is equal.} Rb8 15. a5 $146 ({Predecessor:} 15. Nce4 Qc7 16. Qc2 b5 17. axb5 axb5 18. b4 c4 19. Nc3 Nf6 {0-1 (39) Clavijo,J (2319)-Aroshidze,L (2568) Sabadell 2012}) 15... b5 16. axb6 $1 Rxb6 17. Qc2 Rb4 18. Ra4 Rb8 19. Ra2 Nb6 20. b3 Qc7 21. Rc1 f5 22. Nd1 Qe7 23. Ne3 g5 24. Bxe5 $1 Qxe5 25. Ndc4 Nxc4 26. Nxc4 Qf6 27. Qd3 h5 28. e3 {[%cal Be2e3,Be3e4][%mdl 32]} h4 29. gxh4 g4 30. hxg4 fxg4 31. e4 {Threatens to win with Qg3.} Rf8 32. Qg3 (32. e5 $14 dxe5 33. Re1) 32... Bh6 $1 $15 {[%cal Rh6c1]} 33. Ne3 $2 {[%mdl 8192]} (33. e5 $15 dxe5 34. Rc3) 33... Bf4 $19 {Black is clearly winning.} 34. Nxg4 Qg7 35. Nh6+ Bxh6 36. Rc3 Bf4 37. Qxg7+ Kxg7 38. Bh3 Be5 39. Rd3 Bxh3 40. Rxh3 Rb6 41. Kg2 Rf4 42. Ra4 Bd4 43. f3 Kh6 44. Ra3 Bb2 45. Ra2 Be5 46. Ra3 Kh5 47. Rg3 Rxh4 48. Rg8 {[#]} Rh2+ (48... c4 $142 $1 49. f4 (49. bxc4 Rh2+) 49... Rxf4) 49. Kg1 {[#]} c4 $1 50. f4 (50. bxc4 Rb1#) 50... Bxf4 51. Rh8+ Kg4 52. Rg8+ Kf3 53. bxc4+ Kxe4 {[%cal Rb6b1]} 54. Ra1 Rbb2 {Precision: White = 22%, Black = 60%.} 0-1

[Event "FIDE WCC 2018"]
[Site "Khanty-Mansiysk"]
[Date "2018.11.08"]
[Round "2.3"]
[White "Saduakassova, Dinara"]
[Black "Stefanova, Antoaneta"]
[Result "0-1"]
[WhiteElo "2474"]
[BlackElo "2490"]
[Annotator "TA"]
[PlyCount "60"]
[EventDate "2018.11.03"]
[EventType "k.o."]
[EventCountry "RUS"]
[SourceTitle "playchess.com"]
[Source "ChessBase"]
[SourceQuality "1"]

{[%evp 15,60,0,0,-4,31,10,60,57,48,41,73,41,71,63,70,18,24,20,23,-40,2,-50,-42,-173,-173,-169,-170,-334,-318,-407,-410,-385,-242,-408,-392,-395,-357,-421,-416,-373,-429,-414,-399,-29983,-29984,-29984,-29985]} 1. e4 e5 2. Nf3 Nc6 3. Bc4 Nf6 4. d3 h6 5. O-O d6 6. c3 g5 {C55: Two Knights: 4 d3, 4 d4 exd4 5 e5 and Max Lange Attack} 7. Be3 (7. a4 Bg7 8. Re1 O-O 9. h3 d5 10. exd5 Nxd5 11. Nbd2 a6 12. Ne4 Nf4 13. a5 b5 14. axb6 cxb6 {1-0 (43) Karjakin,S (2782)-Mamedyarov,S (2808) Paris 2018}) 7... Bg7 8. Nbd2 O-O {LiveBook: 3 Games. The position is equal.} 9. d4 Qe7 $146 ({Predecessor:} 9... exd4 10. Nxd4 Ne5 11. Be2 Neg4 12. Bxg4 Bxg4 13. Qc2 Re8 14. c4 {0-1 (48) Fossan,E (2342)-Hammer,J (2621) Norway 2018}) 10. Qc2 Kh8 11. dxe5 dxe5 12. b4 {[%cal Bb2b4,Bb4b5][%mdl 32] And now Bc5 would win.} b6 13. a4 a5 14. b5 Nd8 15. Nb3 (15. Ba2 $14) 15... Bb7 $11 16. Bd3 Nh5 17. c4 (17. Rfe1 $11) 17... f5 {[%cal Bf7f5,Bf5f4][%mdl 32]} 18. Bc1 (18. c5 $11 g4 19. Ne1 (19. cxb6 $2 gxf3 20. Bc5 Qh4 $17)) 18... c5 $1 $15 19. Re1 (19. bxc6 $1 $15 Nxc6 20. Ba3 (20. exf5 $2 e4 $19)) 19... g4 $19 20. Nfd2 {[#]} f4 $1 21. Nf1 $2 (21. Bb2 {was necessary.}) 21... Ne6 22. Bb2 Qh4 23. Rad1 g3 24. fxg3 $2 (24. f3) 24... fxg3 25. hxg3 Nxg3 26. Nxg3 Qxg3 27. Bc1 Nf4 28. Bxf4 Rxf4 ({Weaker is} 28... Qxf4 29. Qe2 $15) 29. Bf1 $2 {[#]} (29. Qe2 $19 Rh4 30. Nd2 Qh2+ 31. Kf1) 29... Raf8 30. Rd3 Qxe1 {Precision: White = 28%, Black = 55%.} 0-1

[Event "FIDE WCC 2018"]
[Site "Khanty-Mansiysk"]
[Date "2018.11.08"]
[Round "2.3"]
[White "Hoang, Thanh Trang"]
[Black "Lagno, Kateryna"]
[Result "0-1"]
[WhiteElo "2448"]
[BlackElo "2556"]
[Annotator "TA"]
[PlyCount "126"]
[EventDate "2018.11.03"]
[EventType "k.o."]
[EventCountry "RUS"]
[SourceTitle "playchess.com"]
[Source "ChessBase"]
[SourceQuality "1"]

{[%evp 20,126,44,41,44,28,42,41,56,12,35,16,20,20,29,21,27,26,33,0,-2,-3,-8,-14,-16,-22,-10,-15,0,-3,-2,-2,-3,-4,0,-20,-4,-4,-2,-4,0,0,0,0,0,-14,-14,-14,-13,-14,-12,-10,0,-10,-8,-60,-51,-78,-6,-6,-6,-6,-6,-6,-8,-29,-25,-52,-52,-51,-51,-135,-133,-125,-116,-144,0,0,0,0,0,0,0,-132,-172,-29976,-29977,-29978,-29979,-29979,-29980,-29980,-29981,-29981,-29982,-29982,-29983,-29983,-29984,-29984,-29985,-29986,-29987,-29987,-29986,-29986,-29987,-29987,-29988]} 1. d4 Nf6 2. Nf3 g6 3. Bf4 Bg7 4. e3 O-O 5. h3 c5 6. c3 d6 7. Nbd2 Nc6 8. dxc5 {A48: Königsindisch (ohne c2-c4)} dxc5 9. Qc2 (9. Be2 Bf5 10. O-O Qc8 11. Qb3 b6 12. Rfd1 Qb7 13. Nc4 Rad8 14. Nfe5 Nxe5 15. Nxe5 {½-½ (45) Bu,X (2695)-Ding,L (2749) Danzhou 2015}) 9... Be6 10. Be2 h6 11. O-O {LiveBook: 3 Partien} Qc8 12. Rfd1 Rd8 13. Bh2 $146 ({Vorgänger:} 13. e4 b6 14. Ne5 Ne8 {0-1 (32) Bouhallel,R (2302)-Shchekachev,A (2522) Bethune 2003}) 13... g5 14. Ne5 Bf5 15. Qb3 Nxe5 16. Bxe5 Qe6 17. Qxe6 Bxe6 18. Bf3 Bd5 19. c4 (19. Bxf6 $5 Bxf6 20. Ne4 Bxe4 21. Bxe4 $11) 19... Bxf3 20. Nxf3 Ne4 21. Bxg7 Kxg7 22. Kf1 Kf6 23. Ke2 e6 24. Nd2 Nxd2 25. Rxd2 Rxd2+ 26. Kxd2 $11 {[%mdl 4096] Endspiel KT-KT} Rd8+ 27. Kc3 h5 28. a3 a5 29. Rb1 b6 30. b4 axb4+ 31. axb4 Ra8 32. bxc5 bxc5 33. Rb5 Ra2 34. Rb2 Ra3+ 35. Rb3 $1 {[%cal Rb3a3]} Ra2 36. Rb2 Ra1 37. Kd3 ({Lieber} 37. Rb5 $11) 37... Ra3+ $15 38. Kc2 g4 (38... Ke5 $17) 39. hxg4 $11 hxg4 40. Rb3 Ra2+ 41. Rb2 Ra1 42. Kd3 Ra3+ 43. Kd2 Ke5 44. f3 g3 $1 45. Rb7 (45. Rc2 $15) 45... Ra2+ $17 46. Kd3 f5 $1 ({Viel schwächer wäre} 46... Rxg2 $6 47. Rxf7 Ra2 48. f4+ Kd6 49. Rg7 $11) 47. Rb5 Rxg2 ({Besser ist} 47... Kd6 $1 $17 48. Rb7 Rxg2) 48. Rxc5+ $11 Kd6 49. Rc8 $1 Rg1 50. Rg8 e5 51. Rg6+ (51. Rd8+ $11 {hält das Gleichgewicht.} Ke7 52. Rg8) 51... Kc5 $17 {Droht stark ...g2.} 52. Rg5 $2 (52. Ke2 $19) 52... g2 {Schwarz setzt Matt.} 53. Ke2 Ra1 54. Rxg2 Ra2+ 55. Kf1 {[#]} Rxg2 $1 56. Kxg2 Kxc4 {KBB-KBB} 57. e4 {[#]} f4 $1 {[%cal Bf5f4,Bf4f3,Bf3f2][%mdl 32]} 58. Kh3 Kd3 59. Kg4 Ke3 60. Kf5 Kxf3 61. Kxe5 Kg3 62. Kd6 f3 63. e5 f2 {Precision: Weiß = 52%, Schwarz = 69%.} 0-1